Gentílicos dos Países do Mundo - Statistics

Estatísticas Gerais
  • Esse quiz foi jogado 716 vezes
  • A pontuação média é 107 de 196
Estatísticas das Respostas
Países Gentílio % Correto
Alemanha Alemão
99%
Espanha Espanhol
96%
Dinamarca Dinamarquês
95%
França Francês
95%
Finlândia Finlandês
94%
Grécia Grego
94%
Irlanda Irlandês
94%
Itália Italiano
94%
Albânia Albanês
93%
Áustria Austríaco
93%
Croácia Croata
92%
Hungria Húngaro
91%
Islândia Islandês
91%
Noruega Norueguês
91%
Portugal Português
91%
Rússia Russo
91%
Bélgica Belga
90%
Polônia Polonês
90%
Suécia Sueco
90%
Brasil Brasileiro
89%
Bulgária Búlgaro
89%
Ucrânia Ucraniano
89%
Argentina Argentino
88%
Suíça Suíço
88%
Chile Chileno
87%
Colômbia Colombiano
87%
Japão Japonês
87%
Países Baixos Neerlandês / Holandês
87%
Venezuela Venezuelano
87%
Bolívia Boliviano
86%
Canadá Canadense
86%
China Chinês
86%
Índia Indiano
86%
Peru Peruano
86%
Eslovénia Esloveno
85%
México Mexicano
85%
Estados Unidos Norte-americano / Estadunidense
85%
Austrália Australiano
84%
Cuba Cubano
84%
Israel Israelense / Israelita
84%
Paraguai Paraguaio
84%
Romênia Romeno
84%
Jamaica Jamaicano
83%
Sérvia Sérvio
83%
Angola Angolano
82%
Bósnia e Herzegovina Bósnio
82%
Malta Maltês
82%
Tailândia Tailandês
82%
Uruguai Uruguaio
82%
Coréia do Norte Norte-coreano
81%
Coréia do Sul Sul-coreano
81%
Turquia Turco
81%
Eslováquia Eslovaco
80%
Líbano Libanês
80%
República Dominicana Dominicano
79%
Haiti Haitiano
79%
Irã Iraniano
79%
República Checa Checo
78%
Afeganistão Afegão
77%
Emirados Árabes Unidos Árabe / Emidarense / Emirático
77%
Letónia Letão / Letônio
77%
Mongólia Mongol
76%
Nigéria Nigeriano
76%
África do Sul Sul-africano
76%
Armênia Armênio
75%
Egito Egípcio
75%
Equador Equatoriano
75%
Lituânia Lituano
75%
Argélia Argelino
74%
Filipinas Filipino
74%
Guiana Guianense
74%
Síria Sírio
74%
Vietname Vietnamita
74%
Estônia Estoniano
73%
Paquistão Paquistanês
73%
Iraque Iraquiano
72%
Macedônia do Norte Macedônio
72%
Reino Unido Britânico / Bretão
71%
Suriname Surinamês
71%
Belarus Bielorrusso
70%
Luxemburgo Luxemburguês
70%
Andorra Andorrano
69%
Indonésia Indonésio
69%
Marrocos Marroquino
69%
Senegal Senegalês
69%
Costa Rica Costa-riquenho
68%
Arábia Saudita Saudita
68%
Quênia Queniano
66%
Catar Catariano
65%
Somália Somali
63%
Geórgia Georgiano
61%
Jordânia Jordaniano
61%
Moldávia Moldavo
60%
Nepal Nepalês
58%
Panamá Panamenho
57%
Camarões Camaronês
56%
Taiwan Taiwanês / Formosino
56%
Tunísia Tunisiano
55%
Fiji Fijiano
54%
Honduras Hondurenho
54%
Moçambique Moçambicano
54%
República do Congo | República Democrática do Congo Congolês
52%
Etiópia Etíope
52%
Libéria Liberiano
52%
Uganda Ugandense
52%
Sudão Sudanês
51%
Cabo Verde Cabo-verdiano
50%
Nova Zelândia Neozelandês
50%
Laos Laociano
48%
Ruanda Ruandês
48%
Samoa Samoano
48%
Vaticano Vaticano
48%
Kuwait Kuwaitiano
47%
Zâmbia Zambiano
47%
Butão Butanês
46%
El Salvador Salvadorenho
46%
Sudão do Sul Sul-sudanês
46%
Estados Federados da Micronésia Micronésio
45%
Namíbia Namibiano
45%
Nicarágua Nicaraguense
45%
Camboja Cambojano
44%
Líbia Líbio
44%
Bahamas Bahamiano
43%
Birmânia Birmanês / Mianmarense
43%
Gabão Gabonense
43%
Azerbaijão Azerbaijano / Azeri
42%
Gana Ganense
42%
Montenegro Montenegrino
42%
Cazaquistão Cazaque
41%
Gâmbia Gambiano
41%
Omã Omani
41%
Costa do Marfim Costa-marfinense / Marfinense
38%
Malásia Malaio
38%
Uzbequistão Usbeque
38%
Chade Chadiano
37%
Comores Comorense
37%
República Centro-Africana Centro-africano
36%
Palau Palauano
36%
Tanzânia Tanzaniano
36%
Singapura Singapurense
34%
Mali Maliano
33%
Maurícia Mauriciano
33%
Nauru Nauruano
33%
Mauritânia Mauritano
31%
Burundi Burundiano
30%
Maldivas Maldivo
30%
Togo Togolês
30%
Djibouti Djiboutiense
28%
Granada Granadino
28%
Guatemala Guatemalteco
28%
Tuvalu Tuvaluano
28%
Chipre Cipriota
26%
Dominica Dominiquês
25%
Turquemenistão Turcomeno
25%
Mônaco Monegasco
24%
Zimbábue Zimbabuano
24%
Ilhas Marshall Marshallino
23%
Barbados Barbadiano
22%
Tajiquistão Tajique
22%
Antígua e Barbuda Antiguano
21%
Papua Nova Guiné Papuásio / Papua
21%
Vanuatu Vanuatense
21%
Guiné Guineano
20%
Botswana Botsuanês
19%
Timor Leste Timorense
19%
Iémen Iemenita
18%
Bangladesh Bangladechiano
17%
Guiné-Bissau Guineense
17%
Lesoto Lesotiano
17%
Belize Belizenho
16%
Níger Nigerino
16%
Quirguistão Quirguiz
15%
Seychelles Seichelense
15%
Sri Lanka Srilankês
15%
Essuatini Suázi
15%
Tonga Tonganês
14%
Liechtenstein Liechtensteinense
13%
Madagascar Malgaxe
13%
São Vicente e Granadinas São-vicentino
13%
Kosovo Cossovar
12%
São Cristóvão e Nevis São-cristovense
12%
São Tomé e Príncipe São-tomense
11%
Benim Beninês
10%
Serra Leoa Serra-leonês
10%
San Marino Samarinês
9%
Santa Lúcia Santa-luciense
8%
Eritreia Eritreu
7%
Bahrein Bareinita
6%
Brunei Bruneano
6%
Burkina Faso Burquinense
6%
Malawi Malauiano
6%
Trinidad e Tobago Trinitário
6%
Ilhas Salomão Salomônico
5%
Kiribati Quiribatiano
4%
Guiné Equatorial Guinéu-equatoriano
3%
Nenhum quiz correspondente encontrado
Distribuição das Pontuações
Porcentagem de Pessoas com Cada Pontuação
Percentil de Números Respondidos
Sua Pontuação Histórica
Você não jogou esse quiz